000 00747nam a2200301 a 4500
003 AR-BaBNM
005 20251128205431.0
008 082120s2002 ||||||||||||||000 | spa||
020 _a950-742-769-4
040 _cAR-BaBNM
100 1 _aNeruda, Pablo
245 0 0 _aAntología poética
250 _a2ª ed.
260 _aBuenos Aires
_bPlaneta
_c1997
300 _a509 p.
490 0 _aPlaneta bolsillo
650 4 _aLITERATURA CHILENA
650 4 _aPOESIA
650 4 _aANTOLOGIAS
650 4 _aESCRITORES
650 4 _aLITERATURA LATINOAMERICANA
650 4 _aLITERATURA CONTEMPORANEA
653 _aVANGUARDIAS LITERARIAS
655 _aLITERATURA
700 1 _aAlberti, Rafael
_eeditor
942 _cBK
998 _cMARTIN
999 _c11395
_d11395